Proceedings of the ... , 21-24 April 1986, Kuala Lumpur

Bibliographic Details
Corporate Author: NATIONALA Seminar on Commodities
Format: Book
Published: Kuala Lumpur : Ministry of Primary Industries , 1986
Subjects:

MARC

LEADER 00000cam a2200000 7i4500
001 0000001891
005 20020410.0
090 0 0 |a 332.664   |b NAT 1986 
110 1 0 |a NATIONALA Seminar on Commodities   |k 1986   |j Kuala Lumpur 
245 1 0 |a Proceedings of the ... , 21-24 April 1986, Kuala Lumpur 
260 0 0 |a Kuala Lumpur :   |b Ministry of Primary Industries ,   |c 1986 
300 |a xxv, 247 p. :   |b ill. ;   |c 27 cm. 
650 0 0 |a Commodity exchanges   |x Developing countries   |x Congresses 
650 0 0 |a Commodity futures   |x Developing countries   |x Congresses 
998 |a JPSM 
999 |a 0000002994   |b Monograph   |c Open Shelf   |e Default branch